Conor McGregor UFC Record - Statistics

General Stats
  • This quiz has been taken 363 times
  • The average score is 11 of 14
Answer Stats
Opponent Result Method Event % Correct
Khabib Nurmagomedov Loss Submission UFC 229
99%
Dustin Poirier Loss TKO (Doctor's Stoppage) UFC 264
96%
Dustin Poirier Loss Knockout UFC 257
96%
Dustin Poirier Win TKO UFC 178
96%
Nate Diaz Win Decision UFC 202
95%
Nate Diaz Loss Submission UFC 196
95%
Jose Aldo Win Knockout UFC 194
92%
Eddie Alvarez Win TKO UFC 205
84%
Donald Cerrone Win TKO UFC 246
83%
Max Holloway Win Decision UFC Fight Night 26
83%
Chad Mendes Win TKO UFC 189
67%
Dennis Siver Win TKO UFC Fight Night 59
36%
Marcus Brimage Win TKO UFC on Fuel TV 9
32%
Diego Brandão Win TKO UFC Fight Night 46
22%
No matching quizzes found
Score Distribution
Percent of People with Each Score
Percentile by Number Answered
Your Score History
You have not taken this quiz